El derecho, un arte de lo justo.
Gorde:
| Egile korporatiboa: | , |
|---|---|
| Formatua: | Konferentzia-aktak Liburua |
| Argitaratua: |
Santiago, Chile:
Universidad Santo Tomás, Academia de Derecho Santo Tomás de Aquino,
1999.
|
| Gaiak: | |
| Etiketak: |
Etiketa erantsi
Etiketarik gabe, Izan zaitez lehena erregistro honi etiketa jartzen!
|
MARC
| LEADER | 00000nam a22000007a 4500 | ||
|---|---|---|---|
| 003 | CL-VaPUC | ||
| 005 | 20220822114753.0 | ||
| 008 | 220801t1999 ||||| |||| 00| 0 eng d | ||
| 999 | |c 437799 |d 437797 | ||
| 020 | |a 956-7946-00-0 | ||
| 040 | |c Pontificia Universidad Católica de Valparaíso | ||
| 082 | 7 | |a 340.106 UNI 1998 |2 22 | |
| 110 | |a Universidad Santo Tomás |e autor |9 874464 | ||
| 111 | |a Conferencias Santo Tomás de Aquino. |d 29 de septiembre al 20 de octubre de 1998. |9 874465 | ||
| 245 | |a El derecho, un arte de lo justo. | ||
| 260 | |a Santiago, Chile: |b Universidad Santo Tomás, Academia de Derecho Santo Tomás de Aquino, |c 1999. | ||
| 300 | |a 92 páginas. | ||
| 500 | |a c.1 Donación Familia Prof. Alejandro Guzmán Brito. | ||
| 583 | |c 20220801 |k Catalogador Asistente | ||
| 650 | |a Filosofía del derecho |x Congresos |9 874522 | ||
| 650 | |a Derecho |x Congresos |9 874523 | ||
| 942 | |2 ddc |c BK |n 0 | ||
| 952 | |0 0 |1 0 |2 ddc |4 0 |6 340_106000000000000_UNI_1998 |7 0 |8 C_AGB |9 585627 |a BIBDER |b BIBDER |d 2022-08-01 |e Donación |i 5653676 |o 340.106 UNI 1998 |p 5653676 |r 2023-01-25 |t 1 |w 2022-08-01 |y BK_US |k AGB | ||